00352nam a2200133Ia 45000030006000000080041000060400015000471000039000622450069001012500010001702600009001805460012001890050017002010STCL150530s9999 xx 000 0 und d aSTCLcSTCL aPaul Hersey; Kenneth Blanchand, H. aManagement of organisational behaviour utilizing human resources aThird c1978 aEnglish20220125165628.0